00294nam a2200109 a 4500008004100000020001500041050001500056100002200071245003800093260004400131350000900175120416s0000 ||||||||||||||||| || u a8120307097 aTS 161 Gop aGopalakrishnan, P10aHandbooks of materials management aNew DelhibPrentice-Hall of Indiac1999 a0.00